جہا ن غا لب (Record no. 190059)

MARC details
000 -LEADER
fixed length control field 00567nam a22001817a 4500
005 - DATE AND TIME OF LATEST TRANSACTION
control field 20220718120332.0
008 - FIXED-LENGTH DATA ELEMENTS--GENERAL INFORMATION
fixed length control field 220718b ||||| |||| 00| 0 eng d
022 ## - INTERNATIONAL STANDARD SERIAL NUMBER
International Standard Serial Number 2349-0225
082 ## - DEWEY DECIMAL CLASSIFICATION NUMBER
Classification number 840.08
245 ## - TITLE STATEMENT
Title جہا ن غا لب
246 ## - VARYING FORM OF TITLE
Title proper/short title Jahan-e-Ghalib
Medium Urdu
260 ## - PUBLICATION, DISTRIBUTION, ETC. (IMPRINT)
Place of publication, distribution, etc New Delhi
Name of publisher, distributor, etc Ghalib Academy
Date of publication, distribution, etc 2019
300 ## - PHYSICAL DESCRIPTION
Extent 112 ص
Dimensions 22cm(pbk)
310 ## - CURRENT PUBLICATION FREQUENCY
Current publication frequency Half Yearly
362 ## - DATES OF PUBLICATION AND/OR SEQUENTIAL DESIGNATION
Dates of publication and/or sequential designation volume 14 issue 27 Dec 2018-June 2019
270 ## - ADDRESS
Address 168/1, Basti Hazrat Nizamuddin
City New Delhi
Country India
Postal code 110006
942 ## - ADDED ENTRY ELEMENTS (KOHA)
Source of classification or shelving scheme Dewey Decimal Classification
Item type Periodicals
Classification part 840.08
Call number suffix ج ہ ا
Serial record 1
Holdings
Withdrawn status Lost status Source of classification or shelving scheme Damaged status Not for loan Collection code Home library Current library Date acquired Cost, normal purchase price Total Checkouts Full call number Date last seen Cost, replacement price Price effective from Koha item type
    Dewey Decimal Classification   Not For Loan Non-fiction D.B.Act.Division D.B.Act.Division 18/07/2022 20.00   840.08 ج ہ ا 18/07/2022 20.00 18/07/2022 Periodicals

© Delhi Public Library
Hit Counter
free hit counter